00759nam a22002177a 4500003000500000008004100005020001800046040000800064041001300072082001300085100004000098245002600138250002700164260005200191300003700243336002700280337003300307338002900340505014500369650002700514BPGM260618e1997 mx ode|g |||| 001 0 spa d a968-7377-16-X bspa aspahspa042900a038 aRESENDIZ GARCIA, FRANCISCO eAUTOR  aMUNICIPIO DE TOLIMAN  aPRIMERA EDICION b1997 aMEXICO bGOBIERNO DE ESTADO DE QUERETARO c1997 a199 paginas c21.1 cm x 13.8 cm  2rdacontentatextobtxt 2rdamediaasin mediaciónbn 2rdacarrieravolumen bnc aes una crónica histórica y cultural que describe la evolución del municipio queretano desde sus orígenes hasta finales del siglo XX. 2GEOGRAFÍA E HISTORIA